000
00320nam a22001337a 4500
008
181220b xxu||||| |||| 00| 0 eng d
020
_a
9781452217901
041
_a
eng
080
_a
658
100
_a
54
101
_a
LID
245
_a
Group Work Leadership An Introduction for Helpers
_c
Conyne,R.K
942
_2
udc
_c
BK
999
_c
53563
_d
53563